000
00311nam a2200121Ia 4500
008
191201s2011 xx 000 0 und d
100
_a
GUPTA, Meenakshi
245
0
_a
Internet Technologies and Application BCA-306 SEM-6
260
_a
N. Delhi
_b
Vikas Pub
_c
2011
300
_a
287
650
_a
MCA
942
_2
ddc
_c
BK
999
_c
285
_d
285